Word Ladder: HoF Pitchers Quiz Stats

 Plays Quiz Updated Jul 22, 2016

Also try: Word Ladder: MLB
Challenge
Share
Tweet
Embed
Score 0/21 Timer 03:00
0 Plays Today
Clue 4-Letter Word % Correct
___ Lauderdale, FloridaFORT
95%
A person who entertains guests HOST
92.4%
Castle defenseMOAT
92%
⚾ Yankees pitcher 'Whitey' ⚾⚾FORD⚾
92%
Wooden fence supporterPOST
91.6%
Spice Girl Victoria BeckhamPOSH
91.1%
Noises made by a herd of cattleMOOS
91%
A rolling stone does not gather thisMOSS
90.7%
To call out, often in painMOAN
89.5%
Nasty or one type of averageMEAN
89%
Disputed or irrelevantMOOT
87.9%
Clue 4-Letter Word % Correct
SustenanceFOOD
84.9%
Groban, the singerJOSH
84.6%
⚾ Cardinals pitcher 'Dizzy' ⚾⚾DEAN⚾
83.7%
⚾ Angels pitcher Nolan ⚾⚾RYAN⚾
82.9%
Relative of a street or laneROAD
80.7%
⚾ Indians pitcher Addie ⚾⚾JOSS⚾
78.4%
A type of crossROOD
73.6%
Sheepskin leatherROAN
67.5%
⚾ Yankees pitcher Waite ⚾⚾HOYT⚾
65.3%
American race car driver A.J.FOYT
65.1%

Today's Daily Dose

You're not logged in!

Compare scores with friends on all Sporcle quizzes.
OR
Log In

You Might Also Like...

Show Comments

Extras

Top Quizzes Today


Score Distribution

Your Account Isn't Verified!

In order to create a playlist on Sporcle, you need to verify the email address you used during registration. Go to your Sporcle Settings to finish the process.

Report this User

Report this user for behavior that violates our Community Guidelines.

Details: